| 000 | 01119cam a2200265 i 4500 | ||
|---|---|---|---|
| 001 | 7786 | ||
| 003 | Mx-PuUPA | ||
| 005 | 20250630152636.0 | ||
| 008 | 140415s1968 sp gr 000 0 spa d | ||
| 040 |
_aMx-PuUPA _bspa _cMx-PuUPA _dMx-PuUPA _erda |
||
| 041 | 0 | _aspa | |
| 245 | 0 | 3 |
_aEl derecho a la verdad : _bdoctrina de la iglesia sobre prensa, radio y televisión (1831-1968) / _cedición preparada, con introducción a la moral, teología e historia del magisterio pontificio sobre comunicaciones sociales, por Jesús Iribarren |
| 264 | 1 |
_aMadrid : _bBiblioteca de Autores Cristianos : Editorial Católica, _c1968 |
|
| 300 |
_a504 páginas ; _c18 cm |
||
| 336 |
_2rdacontent _atexto _btxt |
||
| 337 |
_2rdamedia _asin medio _bn |
||
| 338 |
_2rdacarrier _avolumen _bnc |
||
| 490 | 0 |
_aEdiciones de bolsillo de la BAC ; _v3 |
|
| 650 | 7 |
_aPublicidad _xRelición y moral _2armarc |
|
| 700 | 1 |
_aIribarren, Jesús, _eautor de introducción _eeditor |
|
| 942 |
_2ddc _cLI _h282.09 _iD42 |
||
| 999 |
_c7786 _d7786 |
||